<?xml version="1.0" encoding="UTF-8"?>
<record
    xmlns:xsi="http://www.w3.org/2001/XMLSchema-instance"
    xsi:schemaLocation="http://www.loc.gov/MARC21/slim http://www.loc.gov/standards/marcxml/schema/MARC21slim.xsd"
    xmlns="http://www.loc.gov/MARC21/slim">

  <leader>00841nam a2200229Ia 4500</leader>
  <controlfield tag="008">200825s9999||||xx |||||||||||||| ||und||</controlfield>
  <datafield tag="041" ind1=" " ind2=" ">
    <subfield code="a">chi</subfield>
  </datafield>
  <datafield tag="050" ind1=" " ind2=" ">
    <subfield code="a">HF5386  </subfield>
    <subfield code="b">.S4455 1984</subfield>
  </datafield>
  <datafield tag="100" ind1=" " ind2=" ">
    <subfield code="a">Shinn, George </subfield>
  </datafield>
  <datafield tag="245" ind1=" " ind2="0">
    <subfield code="a">&#x52D5;&#x6A5F;&#x7684;&#x9707;&#x64BC;&#x529B;: </subfield>
    <subfield code="b">&#x9081;&#x5411;&#x5E78;&#x798F;&#x6210;&#x529F;&#x7684;&#x7955;&#x8A23; = The miracle of motivation : the action guide to happiness &amp; success /</subfield>
    <subfield code="c">&#x55AC;&#x6CBB;.&#x8F9B;&#x6069; (George Shinn) &#x8457;; &#x56B4;&#x5F69;&#x7407;, &#x5F6D;&#x6D77;&#x967D;&#x8B6F;</subfield>
  </datafield>
  <datafield tag="246" ind1=" " ind2=" ">
    <subfield code="a">&#x52A8;&#x673A;&#x7684;&#x9707;&#x64BC;&#x529B;:</subfield>
    <subfield code="b">&#x8FC8;&#x5411;&#x5E78;&#x798F;&#x6210;&#x529F;&#x7684;&#x79D8;&#x8BC0;/ </subfield>
  </datafield>
  <datafield tag="260" ind1=" " ind2=" ">
    <subfield code="a">&#x81FA;&#x7063;:</subfield>
    <subfield code="b">&#x5927;&#x5149;</subfield>
    <subfield code="c">1984</subfield>
  </datafield>
  <datafield tag="300" ind1=" " ind2=" ">
    <subfield code="a">4,268 p.</subfield>
    <subfield code="b">; </subfield>
    <subfield code="c">21 cm.</subfield>
  </datafield>
  <datafield tag="490" ind1=" " ind2=" ">
    <subfield code="a">&#x5FC3;&#x7406;&#x53E2;&#x66F8;</subfield>
  </datafield>
  <datafield tag="500" ind1=" " ind2=" ">
    <subfield code="a">Translation of The miracle of motivation: the action guide to happiness &amp; success.</subfield>
  </datafield>
  <datafield tag="650" ind1=" " ind2=" ">
    <subfield code="a">Achievement motivation.</subfield>
  </datafield>
  <datafield tag="650" ind1=" " ind2=" ">
    <subfield code="a">Success in business.</subfield>
  </datafield>
  <datafield tag="700" ind1=" " ind2=" ">
    <subfield code="a">&#x55AC;&#x6CBB;.&#x8F9B;&#x6069;</subfield>
  </datafield>
  <datafield tag="700" ind1=" " ind2=" ">
    <subfield code="a">&#x56B4;&#x5F69;&#x7407;</subfield>
  </datafield>
  <datafield tag="700" ind1=" " ind2=" ">
    <subfield code="a">&#x5F6D;&#x6D77;&#x967D;</subfield>
  </datafield>
  <datafield tag="952" ind1=" " ind2=" ">
    <subfield code="0">0</subfield>
    <subfield code="1">0</subfield>
    <subfield code="4">0</subfield>
    <subfield code="7">0</subfield>
    <subfield code="a">GETS</subfield>
    <subfield code="b">GETS</subfield>
    <subfield code="c">GEN</subfield>
    <subfield code="d">2020-08-25</subfield>
    <subfield code="l">0</subfield>
    <subfield code="o">HF5386 .S4455 1984</subfield>
    <subfield code="p">00006791</subfield>
    <subfield code="r">2020-08-25 00:00:00</subfield>
    <subfield code="w">2020-08-25</subfield>
    <subfield code="y">CB</subfield>
  </datafield>
  <datafield tag="999" ind1=" " ind2=" ">
    <subfield code="c">19378</subfield>
    <subfield code="d">19378</subfield>
  </datafield>
</record>
